Statistics for A-Z: Germany

Click here to take the quiz!

General Stats

  • This quiz has been taken 46 times
  • The average score is 18 of 26

Answer Stats

HintAnswer% Correct
Physicist who discovered RelativityEAlbert Einstein
98%
Home of the European Central BankFFrankfurt
98%
Beer festivalOOktoberfest
98%
The most evil person in historyHAdolf Hitler
95%
German city that sounds like perfume for menCCologne
95%
German car brandVVolkswagen
93%
Invented by Wilhelm RöntgenXX-Rays
93%
Former female ChancellorMAngela Merkel
90%
Capital of West GermanyBBonn
90%
Luxury and sports car brandPPorsche
90%
Men who told fairy talesGGrimm Brothers
88%
Parliament building in BerlinRReichstag
80%
Composer of the Ring Opera CycleWRichard Wagner
80%
Capital of the Holy Roman EmpireAAachen
70%
Tropical vegetable known as Yamswurzel in GermanYYam
68%
German LiqueurJJägermeister
63%
Famous Bavarian CastleNNeuschwanstein
60%
Top composer of movie scoresZHans Zimmer
55%
Always in GermanIImmer
55%
City close to Luxembourg founded by the RomansTTrier
50%
The only accent used in GermanUUmlaut
50%
A spring or source in German (looks like French word for "which")QQuelle
45%
Dog bred in ThuringiaDDoberman Pinscher
38%
Footballer who played for Tottenham Hotspur in the 1990sKJürgen Klinsmann
38%
SupermodelSClaudia Schiffer
35%
A recurring theme in music or literatureLLeitmotiv
20%

Score Distribution

Percentile by Number Answered

Percent of People with Each Score

Your Score History

You have not taken this quiz